Words Containing BELL - Statistics

General Stats
  • This quiz has been taken 39 times
  • The average score is 7 of 17
Answer Stats
Hint Answer % Correct
Stomach Belly
89%
The Beast's love interest Belle
84%
To emit a deep loud roar, typically in pain or anger Bellow
68%
A man who works in a hotel, carrying bags Bellman
65%
Famous jelly beans Jelly Belly
57%
Measles, Mumps... Rubella
51%
Idiot Dumbbell
46%
Act of violent or open resistance to an established government or ruler Rebellion
41%
In weightlifting, a long metal bar to which weights are attached Barbell
38%
Part of the brain Cerebellum
38%
To complain Belly Ache
35%
Existing before the American Civil War Antebellum
30%
Over Exaggerate Embellish
30%
What some drunks are accused of being Belligerent
19%
Type of edible mushroom Portobello
19%
Deadly nightshade plant Belladonna
16%
A large, protruding, rotund stomach Potbelly
8%
No matching quizzes found
Score Distribution
Percent of People with Each Score
Percentile by Number Answered
Your Score History
You have not taken this quiz